Statistiques concernant Pays qui utilisent le franc comme pièce de monnaie

Cliquez ici pour prendre le quiz!

Statistiques générales

  • Ce quiz a été pris 98 fois
  • Le résultat moyen est 12 sur 20

Statistiques - réponses

Pays% Correct
Suisse
87%
Sénégal
80%
Côte d'Ivoire
77%
Cameroun
76%
Mali
76%
Bénin
74%
Guinée
73%
Gabon
72%
Tchad
71%
Rwanda
51%
Belgique
50%
Burundi
49%
Comores
48%
Djibouti
48%
France
47%
Luxembourg
40%
Maroc
37%
République Démocratique du Congo
34%
République du Congo
34%
République Centrafricaine
32%

Distribution des résultats

Percentile par nombre de réponses

% des personnes avec chaque résultat

Votre développement - résultats

Vous n’avez pas pris ce quiz